Multiple Choice-Stadtquiz Klagenfurt - Statistiken

Allgemein
  • Dieses Quiz wurde 24 mal gespielt
  • Das Durchschnittsergebnis liegt bei 7 aus 10
Antwortstatistiken
Frage Antwort % Korrekt
An welchem See liegt Klagenfurt? Wörthersee
100%
In welchem Park können berühmte Bauwerke im Miniaturformat besichtigt werden? Minimundus
86%
Welches Fabeltier ziert das Stadtwappen und einen Brunnen? Lindwurm
82%
In welcher Sportart ist der Klagenfurter Athletiksport-Club Rekordmeister? Eishockey
77%
Wie heißt der Kanal, der die Stadt mit dem See verbindet, im dem auch ein Teil des Ironman Austria stattfindet? Lendkanal
73%
Welcher Gipfel ist der Hausberg Klagenfurts? Kreuzbergl
68%
Auf welcher Halbinsel befinden sich ein Schloss und ein Strandbad? Maria Loretto
50%
Welche Firma hat ihren Sitz NICHT in der Klagenfurt? PEZ
45%
Welcher ist KEIN Stadtbezirk von Klagenfurt? Feldkirchner Vorstadt
41%
Welcher berühmte Schriftsteller wurde NICHT in Klagenfurt geboren? Peter Handke
27%
Keine übereinstimmenden Quizze gefunden
Verteilung der Resultate
Anzahl Personen mit jedem Resultat
Perzentil nach korrekt beantworteten Fragen
Ihre Resultats-Entwicklung
Sie haben dieses Quiz noch nicht gespielt